Cartas Peruanas entre Filaletes y Eusebio, ó, Preservativo contra el veneno de los libros impíos y seductores que corren en el país. Pro luce, pro melle vel potius in melle venenum passim omnibus propinatur. S. Bernardo ep. 186 ad Innoc. Pap. Lima 1833. En las Imprentas de Río, Masías y Concha
Uloženo v:
| Hlavní autor: | |
|---|---|
| Médium: | Kniha |
| Jazyk: | španělština |
| Vydáno: |
Lima
Imprentas de Río, Masías y Concha
1833
|
| Vydání: | 2a. ed |
| Témata: | |
| Tagy: |
Přidat tag
Žádné tagy, Buďte první, kdo vytvoří štítek k tomuto záznamu!
|
MARC
| LEADER | 00000nam a2200000 a 4500 | ||
|---|---|---|---|
| 001 | UCJ6330 | ||
| 003 | CL-VaPUC | ||
| 008 | 070124e18330000PE |||||||||||||||||spa|d | ||
| 082 | 0 | 4 | |a Pe864 |b MOR |2 21 |
| 100 | |a Moreno, José Ignacio |e autor |9 538052 | ||
| 245 | 1 | 0 | |a Cartas Peruanas entre Filaletes y Eusebio, ó, Preservativo contra el veneno de los libros impíos y seductores que corren en el país. Pro luce, pro melle vel potius in melle venenum passim omnibus propinatur. S. Bernardo ep. 186 ad Innoc. Pap. Lima 1833. En las Imprentas de Río, Masías y Concha |
| 250 | |a 2a. ed | ||
| 300 | |a pág. irreg | ||
| 942 | |c BK | ||
| 945 | |d 20070124 00:00:00 |a rinostro | ||
| 260 | |a Lima |b Imprentas de Río, Masías y Concha |c 1833 | ||
| 500 | |a 8§, media pasta.- 2 h. prels.- Port.- v. en b.- Los dos tomos se encuentran empastados en un volumen | ||
| 650 | 0 | |a Apologética |9 269349 | |
| 650 | 0 | |a Liberalismo |9 255715 | |
| 650 | 0 | |a Política |9 255312 | |
| 650 | 0 | |a Ética |9 255099 | |
| 650 | 0 | |a Ateísmo |9 265671 | |
| 650 | 0 | |a Racionalismo |9 259116 | |
| 650 | 7 | |a CRITICA SOCIAL |2 CL-VaPUC |9 331282 | |
| 583 | |a last modification |c 20120606 02:57:50 |k Rodrigo Vera | ||
| 999 | |c 322438 |d 322436 | ||
| 952 | |0 0 |1 0 |4 0 |6 PE_864_000000000000000_MOR_1833 |7 0 |8 X |9 401426 |a FDOBUD |b FDOBUD |d 2019-11-22 |h v.1 |i 1046772 |o Pe864 MOR 1833 |p 1046772 |r 2019-11-22 |w 2019-11-22 |y BK_X |k BUD | ||
| 952 | |0 0 |1 0 |4 0 |6 PE_864_000000000000000_MOR_1833 |7 0 |8 X |9 401427 |a FDOBUD |b FDOBUD |d 2019-11-22 |h v.2 |i 1046780 |o Pe864 MOR 1833 |p 1046780 |r 2019-11-22 |w 2019-11-22 |y BK_X |k BUD | ||